000 00595nam a22001937a 4500
005 20131128124604.0
008 131128b2003 -us||||| |||| 00| 0 eng d
041 _aeng
044 _axxu
090 _aLB
_b05803
110 _aThe Northern Forum
_93099
245 _aNature and Environment of the Northern Regions
250 _aThe Northern Forum
260 _aAlaska
_bThe northern Forum
_bHokkaido Environment Foundation
_c2003
300 _a32 p.
_bil., (col), mapas, imagenes,
_c13 cm
505 _aIncluye contenido
710 _aHokkaido Environment Foundation
_93100
942 _2z
_cCD-ROM
999 _c7954
_d7954